Arizona place names. (Record no. 915)

MARC details
000 -LEADER
fixed length control field 00666cam a22002291 4500
005 - DATE AND TIME OF LATEST TRANSACTION
control field 20260322212039.0
008 - FIXED-LENGTH DATA ELEMENTS--GENERAL INFORMATION
fixed length control field data
010 ## - LIBRARY OF CONGRESS CONTROL NUMBER
LC control number 59063657
040 ## - CATALOGING SOURCE
Original cataloging agency DLC
Transcribing agency ODaWU
Modifying agency DLC
-- DLC
042 ## - AUTHENTICATION CODE
Authentication code premarc
050 00 - LIBRARY OF CONGRESS CALL NUMBER
Classification number F809
Item number .B27 1960
082 ## - DEWEY DECIMAL CLASSIFICATION NUMBER
Classification number 917.91
092 ## - LOCALLY ASSIGNED DEWEY CALL NUMBER (OCLC)
Classification number 917.91 B27 1960
001 - CONTROL NUMBER
control field data
100 1# - MAIN ENTRY--PERSONAL NAME
Personal name Barnes, Will C.
Dates associated with a name 1858-1936.
Fuller form of name (Will Croft),
245 10 - TITLE STATEMENT
Title Arizona place names.
Statement of responsibility, etc. Will C. Barnes & Byrd H. Granger.
260 ## - PUBLICATION, DISTRIBUTION, ETC.
Place of publication, distribution, etc. Tucson,
Name of publisher, distributor, etc. University of Arizona Press,
Date of publication, distribution, etc. 1960.
300 ## - PHYSICAL DESCRIPTION
Extent xix, 519 p.
Other physical details illus., maps.
Dimensions 29 cm.
504 ## - BIBLIOGRAPHY, ETC. NOTE
Bibliography, etc. note Includes bibliographical references.
650 #0 - SUBJECT ADDED ENTRY--TOPICAL TERM
Topical term or geographic name entry element Names, Geographical
Geographic subdivision Arizona.
700 1# - ADDED ENTRY--PERSONAL NAME
Personal name Granger, Byrd H.
Holdings
Withdrawn status Lost status Damaged status Not for loan Home library Current library Shelving location Date acquired Total checkouts Full call number Barcode Date last seen Price effective from Koha item type
        Centerville Centerville General stacks 22/03/2026   917.91 BC0010943 22/03/2026 22/03/2026 Books